| 000 | 01099cam a22003613a 4500 | ||
|---|---|---|---|
| 001 | 0000781 | ||
| 003 | DO-SdBPM | ||
| 005 | 20260312120546.0 | ||
| 007 | ta | ||
| 008 | 8611122004 mx a 000 0 spa d | ||
| 010 | _a | ||
| 020 | _a9681907604 | ||
| 040 |
_aDO-SdBPM _cspa _dBPMSU _d _erda |
||
| 082 | 0 | 4 |
_a A863.44 _bM339i 2004 _222 |
| 100 | 1 | _aMariño, Ricardo | |
| 245 | 1 | 3 |
_aEl insoportable / _cRicardo Mariño ; ilustraciones Juan Gedovius |
| 260 |
_b _c. |
||
| 264 |
_aMéxico : _bSantillana ediciones generales, _c2004 |
||
| 300 |
_a83 páginas : _bilustraciones , _c20 cm. |
||
| 336 |
_atexto _btxt _2rdacontent |
||
| 337 |
_asin mediación _bn _2rdamedia |
||
| 338 |
_avolumen _bnc _2rdacarrier |
||
| 490 | 0 | _aAlfaguara infantil | |
| 521 | _aA partir de 10 años. | ||
| 590 | _aInventariado, 2026/VM | ||
| 600 | 0 | 0 |
_a _x |
| 650 | 7 | _aCuentos infantiles argentinos | |
| 650 | 7 |
_aCampamentos _v Cuentos infantiles |
|
| 650 | 7 | _aLiteratura infantil argentina | |
| 700 | 1 | 2 |
_aGedovius, Juan _eilustración |
| 910 | _aVMateo V. Control de calidad BPMSU | ||
| 942 |
_2ddc _cBK |
||
| 999 |
_c11793 _d11793 |
||